The impact of immigration on the British labour market (Record no. 68192)

000 -LEADER
fixed length control field 00458pab a2200181 454500
008 - FIXED-LENGTH DATA ELEMENTS--GENERAL INFORMATION
fixed length control field 180718b2005 xxu||||| |||| 00| 0 eng d
100 ## - MAIN ENTRY--PERSONAL NAME
Personal name Dustmann, Christian
245 ## - TITLE STATEMENT
Title The impact of immigration on the British labour market
260 ## - PUBLICATION, DISTRIBUTION, ETC.
Date of publication, distribution, etc. 2005
300 ## - PHYSICAL DESCRIPTION
Extent p.F324-41.
362 ## - DATES OF PUBLICATION AND/OR SEQUENTIAL DESIGNATION
Dates of publication and/or sequential designation Nov
650 ## - SUBJECT ADDED ENTRY--TOPICAL TERM
Topical term or geographic name entry element Labour market
650 ## - SUBJECT ADDED ENTRY--TOPICAL TERM
Topical term or geographic name entry element Immigration
700 ## - ADDED ENTRY--PERSONAL NAME
Personal name Preston, Ian
700 ## - ADDED ENTRY--PERSONAL NAME
Personal name Fabbri, Francesca
773 ## - HOST ITEM ENTRY
Main entry heading Economic Journal
909 ## -
-- 68192
Holdings
Withdrawn status Lost status Damaged status Not for loan Permanent Location Current Location Date acquired Serial Enumeration / chronology Barcode Date last seen Price effective from Koha item type
        Indian Institute of Public Administration Indian Institute of Public Administration 2018-07-19 Volume no: 115, Issue no: 507 AR68648 2018-07-19 2018-07-19 Articles

Powered by Koha